Maria... : Mariánská zjevení a poselství lidem 20.století. Dodatek 4, Ježíšovo a Mariino Srdce /

Hlavní autor: Press, František, 1932-2004
Jazyk: Čeština
Vydáno: Brno : Mariánské nakladatelství, 1993
Vydání: 1. vyd.
Témata:
Externí odkaz: Digitalizovaný dokument
Fyzický popis: 155 s.
Knihy
Uloženo v:
LEADER 01198nam a2200313 a 4500
001 000006136
003 CZ BrMZK
005 20260323115316.0
007 ta
008 940103s1993 xr f cze d
015 |a cnb000081023 
020 |a 80-900255-7-9  |c 40.00  |z 80-90025-7-9 
040 |a BOA001  |b cze 
080 |a 235 Maria, svatá  |2 MRF 
100 1 |a Press, František,  |d 1932-2004  |7 jn19990209688 
245 1 0 |a Maria... :  |b Mariánská zjevení a poselství lidem 20.století.  |n Dodatek 4,  |p Ježíšovo a Mariino Srdce /  |c Vybr., přel. a koment. ... 
246 3 0 |a Ježíšovo a Mariino Srdce 
250 |a 1. vyd. 
260 |a Brno :  |b Mariánské nakladatelství,  |c 1993 
300 |a 155 s. 
504 |a Obsahuje bibliografii 
500 |a Dostupné též v digitální podobě v aplikaci Kramerius 
653 0 |a mariánská zjevení 
856 4 1 |u https://www.digitalniknihovna.cz/mzk/uuid/uuid:bda3afbd-28ec-11f1-b3d9-7eb38507f91c  |y Digitalizovaný dokument  |x NDK 
910 |a BOA001  |b 2-0967.844,4 
962 |a 23/28 
964 |a Maria, svatá - rozjímání 
990 |a BK 
996 6 |b 2610004268  |c 2-0967.844,4  |l MZK  |r Sklad / do 1 hodiny  |n 10  |p p.v.  |w 000006136  |u 000010  |a 1  |e BOA001  |j MZK50  |s P